00873cam a22002297a 4500003000500000005001700005008004100022010001000063011001000073035001000083040000900093100003600102245023000138260004100368300002200409502006900431650002900500650001800529650004200547650002100589700003300610CHAP20220329142728.0010920d2001 mx r 00110 spa d a86956 a87928 a98473 cCHAP00aMedina Román, Oscar Mauricio.10aEvaluación de muérdago enano (Arceuthobium spp.) en rodales del género (Pinus spp.) y propuesta de manejo en la estación forestal experimental Zoquiapanc/por Oscar Mauricio Medina Román y Jorge Valderrama Benítez aChapingo, Méx. :bEl autor,c2002. a76 h. ;bgráfs. aTesis (Ing. Forestal) -- UACH. División de Ciencias Forestales14aÁrbolesxEnfermedades.14aArceuthobium.14aEstaciones experimentales forestales.14aPinus hartwegii.1 aValderrama Benítez, Jorge.